[Event "Senta-ch"]
[Site "Senta"]
[Date "2017.02.19"]
[Round "9"]
[White "Igaz, Ervin"]
[Black "Toth, Kazmer"]
[Result "1-0"]
[WhiteElo "2034"]
[BlackElo "1943"]
[PlyCount "85"]
[EventDate "2017.01.20"]
[EventType "swiss"]
[EventRounds "9"]
[EventCountry "SRB"]
[SourceTitle "EXT 2018"]
[Source "ChessBase"]
[SourceDate "2017.10.13"]
[SourceVersion "1"]
[SourceVersionDate "2017.10.13"]
[SourceQuality "1"]

1. f4 e6 2. Nf3 d5 3. e3 Nf6 4. b3 g6 5. Bb2 Bg7 6. Be2 c5 7. 0-0 0-0 8. Ne5 Nc6 9. Nxc6 bxc6 10. d3 a5 11. a4 Ba6 12. Nd2 Qb6 13. Rb1 Rab8 14. Kh1 Nd7 15. Bxg7 Kxg7 16. c4 Qb4 17. Qc2 f6 18. e4 Rbd8 19. Nf3 Rfe8 20. e5 Rf8 21. Qb2 d4 22. exf6+ Rxf6 23. Ng5 Nf8 24. g3 Bb7 25. Bg4 h6 26. Ne4 Rf7 27. Qe2 Re7 28. Nd6 e5 29. fxe5 Nh7 30. Nxb7 Qxb7 31. Rf4 Qc7 32. e6 Rde8 33. Rbf1 h5 34. Bxh5 Rxe6 35. Qg4 R8e7 36. Qd1 gxh5 37. Qxh5 Re5 38. Rg4+ Ng5 39. Rxg5+ Rxg5 40. Qxg5+ Kh7 41. Rf6 Re1+ 42. Kg2 Qg7 43. Qf5+ 1-0

[Event "Senta-ch"]
[Site "Senta"]
[Date "2017.02.18"]
[Round "8"]
[White "Nagy, Aleksz M"]
[Black "Igaz, Ervin"]
[Result "1/2-1/2"]
[WhiteElo "1889"]
[BlackElo "2034"]
[PlyCount "41"]
[EventDate "2017.01.20"]
[EventType "swiss"]
[EventRounds "9"]
[EventCountry "SRB"]
[SourceTitle "EXT 2018"]
[Source "ChessBase"]
[SourceDate "2017.10.13"]
[SourceVersion "1"]
[SourceVersionDate "2017.10.13"]
[SourceQuality "1"]

1. e4 Nf6 2. e5 Nd5 3. c4 Nb6 4. d4 d6 5. exd6 exd6 6. Bd3 Nc6 7. Be3 Be7 8. a3 Bf6 9. Ne2 d5 10. c5 Nc4 11. Bxc4 dxc4 12. Nbc3 0-0 13. Qa4 Re8 14. Rd1 Bf5 15. Qxc4 Na5 16. Qb4 b6 17. 0-0 Bg5 18. Bxg5 Qxg5 19. Ng3 Bc2 20. Rc1 Bd3 21. Rfd1 1/2-1/2

[Event "Senta-ch"]
[Site "Senta"]
[Date "2017.02.03"]
[Round "4"]
[White "Igaz, Ervin"]
[Black "Mak, Janos"]
[Result "1/2-1/2"]
[WhiteElo "2034"]
[BlackElo "1797"]
[PlyCount "152"]
[EventDate "2017.01.20"]
[EventType "swiss"]
[EventRounds "9"]
[EventCountry "SRB"]
[SourceTitle "EXT 2018"]
[Source "ChessBase"]
[SourceDate "2017.10.13"]
[SourceVersion "1"]
[SourceVersionDate "2017.10.13"]
[SourceQuality "1"]

1. e4 e5 2. Nf3 Nc6 3. Bb5 a6 4. Ba4 Nf6 5. d3 Bc5 6. 0-0 b5 7. Bb3 h6 8. c3 0-0 9. Re1 Ng4 10. d4 exd4 11. h3 Nf6 12. cxd4 Bb6 13. e5 Nh7 14. Qd3 d6 15. Qg6 Ne7 16. Qh5 Bf5 17. Nh4 Be6 18. Bxe6 fxe6 19. Be3 Nf5 20. Nxf5 Rxf5 21. Qg4 Ng5 22. h4 Nf7 23. f4 dxe5 24. dxe5 Bxe3+ 25. Rxe3 Qd4 26. Qf3 Rd8 27. Nc3 Nxe5 28. Qe4 Qxe4 29. Rxe4 Ng6 30. g3 Rd6 31. Rae1 Kf7 32. R1e2 h5 33. R4e3 Nf8 34. b4 c5 35. bxc5 Rxc5 36. Kg2 Rdc6 37. Ne4 Rc2 38. Kf3 Rxe2 39. Rxe2 b4 40. Rb2 a5 41. a3 Rb6 42. axb4 axb4 43. Nc5 Rb5 44. Nd3 b3 45. Nc1 Nd7 46. Rxb3 Rxb3+ 47. Nxb3 Kf6 48. Ke4 g6 49. Nd4 e5 50. fxe5+ Nxe5 51. Kf4 Nf7 52. Nf3 Nh6 53. Ng5 Nf5 54. Ne4+ Ke6 55. Nc3 Kf6 56. Ne2 Nd6 57. Nd4 Nf7 58. Nf3 Nd6 59. Ne5 Kg7 60. Nd7 Nf7 61. Ke4 g5 62. Kf5 gxh4 63. gxh4 Kh6 64. Nf8 Kg7 65. Nd7 Nh8 66. Ne5 Nf7 67. Nf3 Nh8 68. Ne5 Nf7 69. Ng6 Nh8 70. Nf4 Kh6 71. Kf6 Kh7 72. Kg5 Nf7+ 73. Kf6 Nd6 74. Nxh5 Kh6 75. Ng3 Ne4+ 76. Nxe4 Kh5 1/2-1/2

[Event "Senta-ch"]
[Site "Senta"]
[Date "2017.01.21"]
[Round "2"]
[White "Igaz, Ervin"]
[Black "Kecskemeti, Arpad"]
[Result "0-1"]
[WhiteElo "2034"]
[BlackElo "2215"]
[PlyCount "62"]
[EventDate "2017.01.20"]
[EventType "swiss"]
[EventRounds "9"]
[EventCountry "SRB"]
[SourceTitle "EXT 2018"]
[Source "ChessBase"]
[SourceDate "2017.10.13"]
[SourceVersion "1"]
[SourceVersionDate "2017.10.13"]
[SourceQuality "1"]

1. e4 c5 2. Nf3 e6 3. b3 d5 4. exd5 exd5 5. d4 Nc6 6. Bb2 Nf6 7. Be2 Bd6 8. 0-0 0-0 9. Nbd2 Re8 10. Re1 Qb6 11. c4 Be6 12. cxd5 Bxd5 13. Bc4 Rxe1+ 14. Qxe1 Bxf3 15. dxc5 Bxc5 16. Bxf6 Bxg2 17. Kxg2 gxf6 18. Qe4 Ne5 19. f4 Ng6 20. Rf1 f5 21. Qd5 Qc7 22. Kh1 Rd8 23. Qg2 b5 24. Bxb5 Rxd2 25. Qxd2 Qb7+ 26. Qg2 Qxb5 27. Rc1 Be3 28. Rc4 Qd7 29. Qf3 Qd2 30. h3 Qe1+ 31. Kg2 Qg1# 0-1

[Event "Subotica-ch op"]
[Site "Subotica"]
[Date "2016.03.02"]
[Round "5"]
[White "Igaz, Ervin"]
[Black "Juhasz, Jeno"]
[Result "1-0"]
[WhiteElo "1999"]
[BlackElo "1941"]
[PlyCount "31"]
[EventDate "2016.02.22"]
[EventType "swiss"]
[EventRounds "9"]
[EventCountry "SRB"]
[SourceTitle "CBM 171 Extra"]
[Source "ChessBase"]
[SourceDate "2016.04.26"]
[SourceVersion "1"]
[SourceVersionDate "2016.04.26"]
[SourceQuality "1"]

1. e4 e6 2. d4 d5 3. Nc3 dxe4 4. Nxe4 Bd7 5. Nf3 Bc6 6. Bd3 Be7 7. Qe2 Nd7 8. 0-0 Ngf6 9. Re1 0-0 10. Neg5 Bxf3 11. Qxf3 c6 12. Qh3 Re8 13. Bxh7+ Kf8 14. Bd3 Bd6 15. Qh8+ Ke7 16. Rxe6+ 1-0

[Event "Senta-ch"]
[Site "Senta"]
[Date "2016.01.24"]
[Round "3"]
[White "Igaz, Ervin"]
[Black "Farkas, Tibor"]
[Result "1-0"]
[WhiteElo "1999"]
[BlackElo "2271"]
[PlyCount "119"]
[EventDate "2016.01.22"]
[EventType "swiss"]
[EventRounds "9"]
[EventCountry "SRB"]
[SourceTitle "CBM 170 Extra"]
[Source "ChessBase"]
[SourceDate "2016.02.25"]
[SourceVersion "1"]
[SourceVersionDate "2016.02.25"]
[SourceQuality "1"]

1. e4 c5 2. Nf3 d6 3. b3 Nf6 4. Bb5+ Nc6 5. e5 dxe5 6. Nxe5 Qd4 7. Nxc6 Qxa1 8. Ne5+ Bd7 9. Nxd7 Nxd7 10. Nc3 0-0-0 11. 0-0 e6 12. Qe2 c4 13. Qxc4+ Kb8 14. Bxd7 Rxd7 15. Qa4 Rd8 16. Ba3 Qxf1+ 17. Kxf1 Bxa3 18. Nb5 Bd6 19. Qxa7+ Kc8 20. d4 Bb8 21. Qc5+ Kd7 22. c4 Ke8 23. a4 h5 24. h4 Rh6 25. Qg5 Rf6 26. Qxh5 Bg3 27. f3 Rh6 28. Qg5 Rg6 29. Qc5 Rf6 30. a5 Rf5 31. Qb6 Rd7 32. c5 Ke7 33. Ke2 Rfd5 34. c6 bxc6 35. Qxc6 Bb8 36. Qb6 Rd8 37. a6 Kf6 38. a7 Bxa7 39. Nxa7 Rxd4 40. Nc6 Rd2+ 41. Ke3 R8d3+ 42. Ke4 Rd5 43. g4 g5 44. Qe3 Rc2 45. hxg5+ Kg7 46. Nd4 Rcc5 47. f4 Kf8 48. Qh3 Rc1 49. Qh8+ Ke7 50. Qf6+ Ke8 51. Nxe6 Rd6 52. Ng7+ Kd7 53. Qxf7+ Kc6 54. Ne6 Rd7 55. Nd4+ Kc7 56. Qf6 Re1+ 57. Kf5 Ree7 58. Ne6+ Kb8 59. Qf8+ Ka7 60. Kf6 1-0

[Event "Senta-ch"]
[Site "Senta"]
[Date "2015.02.22"]
[Round "9"]
[White "Lorincz, Laszlo"]
[Black "Igaz, Ervin"]
[Result "0-1"]
[WhiteElo "1808"]
[BlackElo "2013"]
[PlyCount "64"]
[EventDate "2015.01.30"]
[EventType "swiss"]
[EventRounds "9"]
[EventCountry "SRB"]
[SourceTitle "EXT 2016"]
[Source "ChessBase"]
[SourceDate "2015.10.08"]
[SourceVersion "1"]
[SourceVersionDate "2015.10.08"]
[SourceQuality "1"]

1. d4 Nf6 2. Nf3 d5 3. Bf4 e6 4. e3 Bd6 5. Bg3 Nbd7 6. a3 Nf8 7. c4 c6 8. Nc3 a5 9. Qb3 Ng6 10. Na4 Bxg3 11. hxg3 dxc4 12. Qxc4 b5 13. Qb3 bxa4 14. Qxa4 Bd7 15. Qc2 Qb6 16. Bd3 Rb8 17. Rb1 Qb3 18. Bxg6 fxg6 19. Qxb3 Rxb3 20. Nd2 Rb5 21. Nc4 Ke7 22. 0-0 Rhb8 23. Rfc1 Ne4 24. a4 Rb4 25. Nxa5 Rxa4 26. Nxc6+ Bxc6 27. Rxc6 Nd2 28. Rbc1 Rxb2 29. Rc7+ Kf6 30. R1c6 Ra1+ 31. Kh2 h5 32. d5 Nf3+ 0-1

[Event "Senta-ch"]
[Site "Senta"]
[Date "2015.02.21"]
[Round "8"]
[White "Igaz, Ervin"]
[Black "Davidovic, Zoran"]
[Result "0-1"]
[WhiteElo "2013"]
[BlackElo "1891"]
[PlyCount "84"]
[EventDate "2015.01.30"]
[EventType "swiss"]
[EventRounds "9"]
[EventCountry "SRB"]
[SourceTitle "EXT 2016"]
[Source "ChessBase"]
[SourceDate "2015.10.08"]
[SourceVersion "1"]
[SourceVersionDate "2015.10.08"]
[SourceQuality "1"]

1. e4 Nf6 2. e5 Nd5 3. d4 d6 4. c4 Nb6 5. f4 dxe5 6. fxe5 Nc6 7. Be3 Bf5 8. Nc3 e6 9. Nf3 Be7 10. d5 Nb4 11. Rc1 exd5 12. a3 Na6 13. cxd5 0-0 14. Bb5 Nc5 15. 0-0 Ne4 16. Bxb6 Nxc3 17. Rxc3 axb6 18. b4 Be4 19. Bc4 b5 20. Bxb5 Bxd5 21. Qc1 c6 22. Be2 Re8 23. Qf4 Qc7 24. Bc4 Rad8 25. Kh1 Bf6 26. Qf5 Bxe5 27. Bxd5 Rxd5 28. Re3 f6 29. Rfe1 Qd6 30. g4 Rd1 31. Qc2 Rxe1+ 32. Rxe1 Qd5 33. Qe4 Rd8 34. Kg2 Qxe4 35. Rxe4 Rd5 36. Kf2 Kf7 37. Ke3 g5 38. h4 h6 39. h5 Ke6 40. Nd2 f5 41. gxf5+ Kxf5 42. Nc4 Bf4+ 0-1

[Event "Senta-ch"]
[Site "Senta"]
[Date "2015.02.15"]
[Round "7"]
[White "Korponai, Akos"]
[Black "Igaz, Ervin"]
[Result "1/2-1/2"]
[WhiteElo "1952"]
[BlackElo "2013"]
[PlyCount "54"]
[EventDate "2015.01.30"]
[EventType "swiss"]
[EventRounds "9"]
[EventCountry "SRB"]
[SourceTitle "EXT 2016"]
[Source "ChessBase"]
[SourceDate "2015.10.08"]
[SourceVersion "1"]
[SourceVersionDate "2015.10.08"]
[SourceQuality "1"]

1. d4 Nf6 2. Nf3 d5 3. g3 c6 4. Bg2 Bf5 5. 0-0 h6 6. c4 e6 7. Nc3 Be7 8. b3 0-0 9. Bb2 Re8 10. Nd2 Nbd7 11. e4 dxe4 12. Ndxe4 Nxe4 13. Nxe4 Nf6 14. Qe2 Nxe4 15. Bxe4 Bxe4 16. Qxe4 Bf6 17. Bc3 Qc7 18. Rad1 Rad8 19. Rd3 Rd7 20. Rfd1 Red8 21. Qe3 b6 22. R3d2 b5 23. Bb4 e5 24. dxe5 Rxd2 25. Rxd2 Rxd2 26. Bxd2 Bxe5 27. Bc3 Bxc3 1/2-1/2

[Event "Senta-ch"]
[Site "Senta"]
[Date "2015.02.14"]
[Round "6"]
[White "Igaz, Ervin"]
[Black "Farkas, Sandor I"]
[Result "1-0"]
[WhiteElo "2013"]
[BlackElo "1874"]
[PlyCount "55"]
[EventDate "2015.01.30"]
[EventType "swiss"]
[EventRounds "9"]
[EventCountry "SRB"]
[SourceTitle "EXT 2016"]
[Source "ChessBase"]
[SourceDate "2015.10.08"]
[SourceVersion "1"]
[SourceVersionDate "2015.10.08"]
[SourceQuality "1"]

1. e4 c5 2. Nf3 d6 3. d4 cxd4 4. c3 d3 5. c4 Nf6 6. Bxd3 e6 7. 0-0 Be7 8. Nc3 a6 9. Qe2 Qc7 10. Bf4 Nbd7 11. Rac1 b6 12. Rfd1 Nh5 13. Be3 Nhf6 14. h3 Bb7 15. Bb1 Rc8 16. Bf4 e5 17. Nd5 Bxd5 18. cxd5 Qb7 19. Bg5 0-0 20. Nh4 Nxd5 21. Rxc8 Rxc8 22. Bxe7 Nxe7 23. Rxd6 Rc1+ 24. Rd1 Rxd1+ 25. Qxd1 Nc6 26. Nf5 Nf8 27. Qd5 g6 28. Qxc6 1-0

[Event "HUN-chT2 Toth 1213"]
[Site "Hungary"]
[Date "2013.04.07"]
[Round "10.4"]
[White "Andriska, Zsolt"]
[Black "Igaz, Ervin"]
[Result "1/2-1/2"]
[WhiteElo "2035"]
[BlackElo "2001"]
[PlyCount "105"]
[EventDate "2012.09.16"]
[EventType "team-tourn"]
[EventRounds "11"]
[EventCountry "HUN"]
[SourceTitle "EXT 2014"]
[Source "ChessBase"]
[SourceDate "2013.11.20"]
[SourceVersion "1"]
[SourceVersionDate "2013.11.20"]
[SourceQuality "1"]
[WhiteTeam "Felegyhaza Csongrad"]
[BlackTeam "Roszke II"]
[WhiteTeamCountry "HUN"]
[BlackTeamCountry "HUN"]

1. e4 Nf6 2. e5 Nd5 3. d4 d6 4. Nf3 Bg4 5. Be2 c6 6. 0-0 Bxf3 7. Bxf3 dxe5 8. dxe5 e6 9. Qe2 Qc7 10. c4 Ne7 11. b3 Ng6 12. Bb2 Nd7 13. Re1 Bb4 14. Nc3 Ndxe5 15. Be4 0-0-0 16. a3 Bc5 17. Bxg6 Nxg6 18. g3 Bd4 19. Nd5 exd5 20. Bxd4 f6 21. cxd5 Rxd5 22. Bxa7 Rhd8 23. f4 Rd2 24. Qe6+ Qd7 25. Bb6 Qxe6 26. Rxe6 Rd1+ 27. Rxd1 Rxd1+ 28. Kf2 Kd7 29. Re4 Ne7 30. Rd4+ Rxd4 31. Bxd4 Ke6 32. Ke3 Kd5 33. Kd3 Nf5 34. Bc3 h5 35. a4 Nd6 36. Bd2 Ne4 37. Be3 c5 38. Bg1 g6 39. Be3 Nd6 40. Bd2 c4+ 41. bxc4+ Nxc4 42. Bc3 Nb6 43. a5 Nc4 44. Bxf6 Nxa5 45. Bc3 Nb3 46. Ke3 b5 47. h3 Nc5 48. g4 Ne4 49. Be1 Nf6 50. Kf3 Kc4 51. f5 hxg4+ 52. hxg4 Nxg4 53. Kxg4 1/2-1/2

[Event "HUN-chT2 Toth 1213"]
[Site "Hungary"]
[Date "2012.12.02"]
[Round "5.5"]
[White "Hajagos, Janos"]
[Black "Igaz, Ervin"]
[Result "1/2-1/2"]
[WhiteElo "1968"]
[BlackElo "2001"]
[PlyCount "33"]
[EventDate "2012.09.16"]
[EventType "team-tourn"]
[EventRounds "11"]
[EventCountry "HUN"]
[SourceTitle "EXT 2014"]
[Source "ChessBase"]
[SourceDate "2013.11.20"]
[SourceVersion "1"]
[SourceVersionDate "2013.11.20"]
[SourceQuality "1"]
[WhiteTeam "Takisz"]
[BlackTeam "Roszke II"]
[WhiteTeamCountry "HUN"]
[BlackTeamCountry "HUN"]

1. e4 Nf6 2. e5 Nd5 3. Nc3 Nxc3 4. dxc3 d5 5. Bd3 c5 6. f4 Nc6 7. Nf3 Bg4 8. h3 Bxf3 9. Qxf3 e6 10. 0-0 g6 11. Be3 h5 12. Qf2 b6 13. Rae1 Be7 14. c4 Nb4 15. Qe2 d4 16. Bd2 Nxd3 17. Qxd3 1/2-1/2

[Event "HUN-chT2 Toth 1112"]
[Site "Hungary"]
[Date "2012.05.06"]
[Round "10.7"]
[White "Toth, Kazmer"]
[Black "Igaz, Ervin"]
[Result "1-0"]
[WhiteElo "1962"]
[BlackElo "2032"]
[PlyCount "103"]
[EventDate "2011.09.25"]
[EventType "team-tourn"]
[EventRounds "11"]
[EventCountry "HUN"]
[SourceTitle "EXT 2013"]
[Source "ChessBase"]
[SourceDate "2012.11.22"]
[SourceVersion "1"]
[SourceVersionDate "2012.11.22"]
[SourceQuality "1"]
[WhiteTeam "KHTK"]
[BlackTeam "Roszke II"]
[WhiteTeamCountry "HUN"]
[BlackTeamCountry "HUN"]

1. d4 Nf6 2. c4 e6 3. Nc3 d5 4. Nf3 Bb4 5. e3 c5 6. a3 cxd4 7. axb4 dxc3 8. bxc3 0-0 9. cxd5 Nxd5 10. Bb2 Qf6 11. Qb3 Qh6 12. Be2 b6 13. 0-0 Bb7 14. Nd4 Ne7 15. Bf3 Bxf3 16. Nxf3 Nbc6 17. Rfd1 Rfd8 18. Rxd8+ Rxd8 19. Rd1 Rxd1+ 20. Qxd1 f6 21. b5 Ne5 22. Nxe5 fxe5 23. Qd8+ Kf7 24. Ba3 Nd5 25. c4 Nf6 26. Qe7+ Kg6 27. Qxe6 Qh4 28. h3 Qe4 29. Bd6 Qb1+ 30. Kh2 Qc2 31. Kg3 e4 32. Be5 h5 33. h4 Qd3 34. Bxf6 gxf6 35. Kf4 Qe2 36. Qxe4+ Kf7 37. f3 Qxg2 38. Qd5+ Kg7 39. Qxh5 Qh2+ 40. Ke4 Qc2+ 41. Kd5 Qd3+ 42. Kc6 Qxc4+ 43. Kb7 Qc5 44. Qg4+ Kh8 45. Qc8+ Kg7 46. Qd7+ Kh6 47. e4 Qa3 48. Qf5 Qe7+ 49. Kb8 Kg7 50. h5 Kg8 51. Qc8+ Kg7 52. Qc7 1-0

[Event "HUN-chT2 Toth 1112"]
[Site "Hungary"]
[Date "2012.04.22"]
[Round "9.7"]
[White "Igaz, Ervin"]
[Black "Diamant, Tibor"]
[Result "1/2-1/2"]
[WhiteElo "2032"]
[BlackElo "2104"]
[PlyCount "32"]
[EventDate "2011.09.25"]
[EventType "team-tourn"]
[EventRounds "11"]
[EventCountry "HUN"]
[SourceTitle "EXT 2013"]
[Source "ChessBase"]
[SourceDate "2012.11.22"]
[SourceVersion "1"]
[SourceVersionDate "2012.11.22"]
[SourceQuality "1"]
[WhiteTeam "Roszke II"]
[BlackTeam "Mako"]
[WhiteTeamCountry "HUN"]
[BlackTeamCountry "HUN"]

1. e4 c5 2. Nf3 Nc6 3. b3 Nf6 4. d3 g6 5. Bb2 Bg7 6. Nbd2 d6 7. Be2 Qc7 8. Nc4 0-0 9. Ne3 e6 10. h3 d5 11. exd5 Nxd5 12. Bxg7 Nxe3 13. fxe3 Qg3+ 14. Kd2 Kxg7 15. Qe1 Qc7 16. Qh4 Qe7 1/2-1/2

[Event "Senta January op"]
[Site "Senta"]
[Date "2011.02.13"]
[Round "9"]
[White "Igaz, Ervin"]
[Black "Bicskei, Mihaly"]
[Result "1/2-1/2"]
[WhiteElo "2033"]
[BlackElo "1904"]
[PlyCount "32"]
[EventDate "2011.01.21"]
[EventType "swiss"]
[EventRounds "9"]
[EventCountry "SRB"]
[SourceTitle "CBM 140 Extra"]
[Source "ChessBase"]
[SourceDate "2011.03.01"]
[SourceVersion "1"]
[SourceVersionDate "2011.03.01"]
[SourceQuality "1"]

1. e4 c5 2. Nf3 e6 3. Qe2 Nc6 4. g3 d6 5. Bg2 Nf6 6. 0-0 Be7 7. c3 0-0 8. d3 Qc7 9. Re1 e5 10. a4 a6 11. Na3 Rb8 12. Nc2 b5 13. axb5 axb5 14. Bg5 h6 15. Bxf6 Bxf6 16. Ne3 Be6 1/2-1/2

[Event "Senta January op"]
[Site "Senta"]
[Date "2011.02.06"]
[Round "7"]
[White "Lorincz, Laszlo"]
[Black "Igaz, Ervin"]
[Result "0-1"]
[WhiteElo "1812"]
[BlackElo "2048"]
[PlyCount "76"]
[EventDate "2011.01.21"]
[EventType "swiss"]
[EventRounds "9"]
[EventCountry "SRB"]
[SourceTitle "CBM 140 Extra"]
[Source "ChessBase"]
[SourceDate "2011.03.01"]
[SourceVersion "1"]
[SourceVersionDate "2011.03.01"]
[SourceQuality "1"]

1. d4 Nf6 2. Nf3 e6 3. Bg5 Be7 4. Nbd2 d5 5. e3 c5 6. c3 Nbd7 7. Qc2 0-0 8. e4 dxe4 9. Nxe4 Nxe4 10. Bxe7 Qxe7 11. Qxe4 Nf6 12. Qh4 cxd4 13. Qxd4 Rd8 14. Qe3 b6 15. Be2 Bb7 16. 0-0 Nd5 17. Qe5 f6 18. Qg3 e5 19. Bc4 Qc5 20. Qg4 Kh8 21. Bxd5 Rxd5 22. Rfd1 Rad8 23. Rxd5 Qxd5 24. h3 g6 25. Qb4 Qd6 26. Qxd6 Rxd6 27. Nh2 Rd2 28. b3 Kg7 29. Ng4 Kf7 30. c4 Ke6 31. Ne3 e4 32. a3 f5 33. g3 g5 34. b4 f4 35. Nf1 Rc2 36. c5 e3 37. gxf4 gxf4 38. cxb6 Rxf2 0-1

[Event "Senta January op"]
[Site "Senta"]
[Date "2010.02.07"]
[Round "9"]
[White "Novak, Tamas"]
[Black "Igaz, Ervin"]
[Result "0-1"]
[WhiteElo "1998"]
[BlackElo "2044"]
[PlyCount "80"]
[EventDate "2010.01.22"]
[EventType "swiss"]
[EventRounds "9"]
[EventCountry "YUG"]
[SourceTitle "EXT 2011"]
[Source "ChessBase"]
[SourceDate "2010.11.26"]
[SourceVersion "1"]
[SourceVersionDate "2010.11.26"]
[SourceQuality "1"]

1. e4 Nf6 2. e5 Nd5 3. d4 d6 4. Nf3 Bg4 5. Be2 c6 6. 0-0 Bxf3 7. Bxf3 dxe5 8. dxe5 e6 9. Qe2 Qc7 10. Re1 Nd7 11. c3 a5 12. Nd2 Nf4 13. Qe4 Ng6 14. Nc4 Nc5 15. Qe2 b5 16. Na3 Rd8 17. Bg5 Be7 18. Bxe7 Kxe7 19. Bh5 Nd3 20. Qe3 Nxe1 21. Qc5+ Ke8 22. Nxb5 Qxe5 23. Qxe5 Nxe5 24. Rxe1 cxb5 25. Rxe5 Rd5 26. Rxd5 exd5 27. Bf3 Ke7 28. Kf1 Kd6 29. Ke2 Re8+ 30. Kd2 Kc5 31. Be2 b4 32. Bd3 a4 33. cxb4+ Kxb4 34. Bc2 Rb8 35. Kd3 Kc5 36. b3 a3 37. Kc3 d4+ 38. Kd2 f5 39. h4 g6 40. Bd3 Rxb3 0-1

[Event "Senta January op"]
[Site "Senta"]
[Date "2010.01.24"]
[Round "3"]
[White "Simonyi, Zoltan"]
[Black "Igaz, Ervin"]
[Result "1-0"]
[WhiteElo "2196"]
[BlackElo "2044"]
[PlyCount "55"]
[EventDate "2010.01.22"]
[EventType "swiss"]
[EventRounds "9"]
[EventCountry "YUG"]
[SourceTitle "EXT 2011"]
[Source "ChessBase"]
[SourceDate "2010.11.26"]
[SourceVersion "1"]
[SourceVersionDate "2010.11.26"]
[SourceQuality "1"]

1. d4 Nf6 2. c4 e6 3. g3 d5 4. Bg2 c6 5. Qc2 Nbd7 6. Nf3 Bb4+ 7. Nbd2 Qe7 8. 0-0 0-0 9. e4 Bxd2 10. Nxd2 dxc4 11. Nxc4 e5 12. d5 Nb8 13. b3 Rd8 14. Ba3 Qe8 15. Rad1 b6 16. Nd6 Qd7 17. dxc6 Qxc6 18. Nf5 Re8 19. Ne7+ Rxe7 20. Bxe7 Nfd7 21. Rc1 Qxc2 22. Rxc2 Na6 23. Rd1 f6 24. Bf1 Nac5 25. Bxc5 Nxc5 26. Rd8+ Kf7 27. b4 Ke7 28. Rh8 1-0

[Event "HUN-chT2 Toth 0910"]
[Site "Hungary"]
[Date "2009.12.20"]
[Round "4.4"]
[White "Igaz, Ervin"]
[Black "Balatoni, Gyorgy"]
[Result "1-0"]
[WhiteElo "2056"]
[BlackElo "1909"]
[PlyCount "135"]
[EventDate "2009.11.08"]
[EventType "team-tourn"]
[EventRounds "11"]
[EventCountry "HUN"]
[SourceTitle "EXT 2011"]
[Source "ChessBase"]
[SourceDate "2010.11.26"]
[SourceVersion "1"]
[SourceVersionDate "2010.11.26"]
[SourceQuality "1"]
[WhiteTeam "Roszke"]
[BlackTeam "Szentes Spartacus"]
[WhiteTeamCountry "HUN"]
[BlackTeamCountry "HUN"]

1. e4 c6 2. d4 d5 3. exd5 cxd5 4. Bd3 Nf6 5. Nf3 Bg4 6. h3 Bh5 7. c3 a6 8. 0-0 Nc6 9. Re1 e6 10. Bf4 Bd6 11. Bxd6 Qxd6 12. Nbd2 0-0 13. Nf1 Rac8 14. g4 Bg6 15. Ng3 b5 16. a3 Na5 17. Ne5 Nd7 18. Kg2 Nc4 19. Bxc4 bxc4 20. f4 f5 21. g5 Nxe5 22. Rxe5 h6 23. Qe2 Kf7 24. h4 hxg5 25. h5 Bh7 26. fxg5 g6 27. Re1 Rc6 28. hxg6+ Bxg6 29. Nh5 Re8 30. Nf6 Qd8 31. Qe3 Rb6 32. Re2 Qb8 33. Nxe8 Qxe8 34. Kg3 Rd6 35. Rh2 Ke7 36. Qf4 Kd7 37. Re1 Qf7 38. Reh1 Rb6 39. Qe5 a5 40. Kf4 Kc6 41. Re2 Kb5 42. Rh8 Ka4 43. Reh2 Qb7 44. Qe2 Qc7+ 45. Kf3 f4 46. Qe5 Be4+ 47. Kg4 Bf5+ 48. Kxf4 Qb7 49. Rf8 Rxb2 50. Rxb2 Qxb2 51. Rxf5 exf5 52. Qe3 Qxa3 53. g6 Qf8 54. Qe6 Kb3 55. Qf7 Qh6+ 56. Kxf5 Qh3+ 57. Ke5 Kxc3 58. Kxd5 Qd3 59. Qf6 Kc2 60. Qf2+ Kb1 61. Qg1+ Kb2 62. g7 Qb3 63. Qf2+ Ka3 64. Qf8+ Ka2 65. g8Q c3+ 66. Ke4 Qxg8 67. Qxg8+ Kb2 68. Qg2+ 1-0

[Event "HUN-chT2 Toth 0910"]
[Site "Hungary"]
[Date "2009.12.06"]
[Round "3.5"]
[White "Igaz, Ervin"]
[Black "Abel, Imre"]
[Result "0-1"]
[WhiteElo "2056"]
[BlackElo "2015"]
[PlyCount "84"]
[EventDate "2009.11.08"]
[EventType "team-tourn"]
[EventRounds "11"]
[EventCountry "HUN"]
[SourceTitle "EXT 2011"]
[Source "ChessBase"]
[SourceDate "2010.11.26"]
[SourceVersion "1"]
[SourceVersionDate "2010.11.26"]
[SourceQuality "1"]
[WhiteTeam "Roszke"]
[BlackTeam "Abony"]
[WhiteTeamCountry "HUN"]
[BlackTeamCountry "HUN"]

1. e4 c5 2. Nf3 d6 3. d4 cxd4 4. c3 dxc3 5. Nxc3 Nc6 6. Bc4 e6 7. 0-0 Nf6 8. Qe2 Be7 9. Rd1 e5 10. b4 Bg4 11. Be3 0-0 12. b5 Na5 13. Bd3 Rc8 14. Rac1 b6 15. h3 Bxf3 16. gxf3 Nb7 17. Kh2 Nc5 18. Bc4 Nh5 19. Nd5 Bh4 20. Rg1 Kh8 21. Rg4 g6 22. Rcg1 Ne6 23. Bh6 Nd4 24. Qd3 f5 25. exf5 Rxf5 26. Rxd4 exd4 27. Qxd4+ Bf6 28. Qe4 Be5+ 29. Kh1 Nf6 30. Qxf5 Rxc4 31. Nxf6 Bxf6 32. Qd5 Rh4 33. Bg5 Rxh3+ 34. Kg2 Rh5 35. Bxf6+ Qxf6 36. Qd1 Qg5+ 37. Kf1 Qxb5+ 38. Kg2 Qd5 39. Qe2 Re5 40. Qb2 Kg8 41. Rc1 Rg5+ 42. Kh2 Rh5+ 0-1

[Event "Senta op-A 13th"]
[Site "Senta"]
[Date "2009.07.25"]
[Round "9"]
[White "Petrusic, Goran"]
[Black "Igaz, Ervin"]
[Result "1/2-1/2"]
[WhiteElo "1943"]
[BlackElo "2085"]
[PlyCount "136"]
[EventDate "2009.07.18"]
[EventType "swiss"]
[EventRounds "9"]
[EventCountry "YUG"]
[SourceTitle "CBM 131 Extra"]
[Source "ChessBase"]
[SourceDate "2009.09.03"]
[SourceVersion "2"]
[SourceVersionDate "2009.09.16"]
[SourceQuality "1"]

1. e4 Nf6 2. e5 Nd5 3. d4 d6 4. Nf3 Bg4 5. Be2 c6 6. 0-0 Bxf3 7. Bxf3 dxe5 8. dxe5 e6 9. c4 Ne7 10. Qxd8+ Kxd8 11. Nc3 Ng6 12. Bg5+ Be7 13. Rad1+ Ke8 14. Bxe7 Kxe7 15. Rfe1 Nd7 16. g3 Ngxe5 17. Be2 Rhd8 18. f4 Ng6 19. Ne4 Nf6 20. Ng5 h6 21. Nf3 Rxd1 22. Bxd1 Rd8 23. Bc2 Nf8 24. f5 c5 25. Re2 Rd6 26. Kf1 b6 27. b3 N6d7 28. g4 f6 29. a4 a5 30. h3 e5 31. Nd2 Nb8 32. Ne4 Rd4 33. Nc3 Nc6 34. Nd5+ Kd6 35. Nxb6 Nb4 36. Kg2 Kc7 37. Nd5+ Nxd5 38. cxd5 Rxd5 39. Kg3 Rd4 40. Kh4 Kd6 41. Kh5 Kd5 42. h4 e4 43. g5 hxg5 44. hxg5 Ke5 45. gxf6 gxf6 46. Kg4 Nd7 47. Rh2 Nb6 48. Rh8 e3+ 49. Kf3 Rd2 50. Re8+ Kd4 51. Be4 Rf2+ 52. Kg3 Rb2 53. Bc6 Rxb3 54. Re6 c4 55. Rxf6 c3 56. Rd6+ Kc5 57. Rd1 c2 58. Rc1 Kxc6 59. Rxc2+ Kd5 60. f6 Ke6 61. f7 Kxf7 62. Rc5 Nxa4 63. Rxa5 Nb2 64. Kf3 Kf6 65. Ra8 Ke5 66. Re8+ Kd4 67. Re4+ Kc3 68. Rxe3+ Nd3 1/2-1/2